000 00515nam a2200193 a 4500
001 1777027203726
003 YourLibrary
005 20260424161208.0
008 260424s1988##################000#0#eng##
020 _a9780521356824
082 0 4 _a344.2009CAE
100 1 _aCaenegem, R. C. van,
_eauthor.
245 1 0 _aThe Birth of the English Common Law :
260 _bCambridge University Press,
_c1988.
300 _a184 pages
650 0 _aLaw.
942 _cENGLISH
040 _aYourLibrary
_beng
_cYourLibrary
999 _c619876
_d619876